MDQL
is popping MORE tags! Check the
thread
!
Quizzes
Events
Quiz Creation
Community
Videos
Private Events
Remove Ads
Sign In
Join for FREE
Feedback
Dark Mode
Quiz Categories
Sports
Geography
Music
Movies
Television
Just For Fun
Miscellaneous
History
Literature
Language
Science
Gaming
Entertainment
Religion
Holiday
For Kids
Quiz Lab
Recent
Popular Today
Quiz Kudos Today
Editor Picks
Curator Picks
Quizzes by...
Day
Popularity
Type
Ratings
Length
Year
Community
Subscriptions
Recent Discussions
Orange Saloon
Badges
Playlists
Quests
Create
Leaderboards
Showdown
Live 5
Trivia Bingo
Activity
Puzzle Library
Sporcle Events
Private Events
Virtual Trivia
Globe League
Become a Host
Pub Owners
SporcleCon
Opinionation
Our Games
Videos
Blog
Mobile Apps
Partnerships
Remove Ads and Go Orange
Feedback
Geography
Country
Landmarks
City
State
Population
World
Capital
Continent
Flags
Europe
Africa
Asia
South America
North America
Oceania
Border
Canada
United Kingdom
Topography
United States
Geography
Country
Landmarks
City
State
Population
World
Capital
Continent
Flags
Europe
Africa
Asia
South America
North America
Oceania
Border
Canada
United Kingdom
Topography
United States
Random Quiz
Search Sporcle
×
Quiz Lab
Quiz Lab
Geography
United States
Type in answers that appear in a list
Type in answers that appear in a list
Classic
Best Score? Go Orange.
Largest lakes in the United States Stats
Can you name the Largest lakes that are located entirely within the United States?
By
MrBRW
15m
30 Questions
126 Plays
126 Plays
126 Plays
Comments
Comments
Give Quiz Kudos
Give Quiz Kudos
-
- Ratings
hide this ad
More Info
Replay
Link that replays current quiz
Next Quiz
Link to next quiz in quiz playlist
You Got
0%
They Got
Avg Score
27%
Avg Friend Score
Upgrade to see
Score Distribution
Jump to the score distribution portion of the page
Score
0/30
Timer
15:00
0
Plays Today
State(s)
Lake
% Correct
Illinois, Indiana, Michigan, Wisconsin
Lake Michigan
100%
Utah
Great Salt Lake
88.9%
Florida
Lake Okeechobee
55.6%
California, Nevada
Lake Tahoe
54%
Arizona, Nevada
Lake Mead
46.8%
Louisiana
Lake Pontchartrain
41.3%
Arizona, Utah
Lake Powell
34.9%
Minnesota
Red Lake
32.5%
California
Salton Sea
29.4%
North Dakota, South Dakota
Lake Oahe
27.8%
North Dakota
Lake Sakakawea
21.4%
Montana
Fort Peck Lake
21.4%
Kentucky, Tennessee
Kentucky Lake
20.6%
Wisconsin
Lake Winnebago
20.6%
Utah
Utah Lake
20.6%
State(s)
Lake
% Correct
Alaska
Iliamna Lake
19.8%
North Dakota
Devils Lake
19%
Minnesota
Mille Lacs Lake
18.3%
Montana
Flathead Lake
18.3%
Nevada
Pyramid Lake
18.3%
Oklahoma, Texas
Lake Texoma
15.9%
Minnesota
Leech Lake
15.1%
Alaska
Becharof Lake
12.7%
Louisiana, Texas
Toledo Bend Reservoir
12.7%
South Carolina
Lake Marion
12.7%
Texas
Sam Rayburn Reservoir
10.3%
Oklahoma
Eufaula Lake
10.3%
Alaska
Selawik Lake
7.9%
South Dakota
Lake Francis Case
7.9%
Alaska
Naknek Lake
7.1%
Quiz Playlist
Details
Report
Send in Message
Add To Playlist
More Info:
Name the 30 largest lakes that lay entirely within the United States.
Classic:
Type in answers that appear in a list
Quiz Source
Last Updated: Feb 16, 2017
Quiz Scoreboard
CHALLENGE
Sign Up to Join the Scoreboard
Show All
Scores
Hide
Comments
May contain spoilers
Recently Published
1-10 Letter E Words III
by El_Dandy
Language
2m
Street Fighter Characters
by Artimus82
Gaming
60s
College Basketball Coaching Resumes
by pancakes188
Sports
9m
More to Explore
Quiz From the Vault
Featured Blog Post
Where Did the Easter Bunny Come From?
hide this ad
You Might Also Like...
Tags
State Quiz
Topography Quiz
United States Quiz
entire
lake
largest
location
mile
Size
Square
United
Today's Top Quizzes in Geography
Browse Geography
hide this ad
Today's Top Quizzes in United States
Browse United States
Top Contributed Quizzes in Geography
1
Countries of the World - No Outlines Minefield
2
Top 25 Cities of France on a map
3
Any capital of a 'B' country per Continent
4
Any capital of a 'C' country per Continent
5
Closest Countries to UK A-Z
6
Any capital of a 'D' country per Continent
7
5-to-1: US Geography No Hints
8
Any capital of an 'E' country per Continent
9
Find the US States - No Outlines
10
Any capital of an 'F' country per Continent
Explore More
Trending Topics
Marvel
Harry Potter
Kpop
NBA
Crossword
Disney
Anime
Country
Pokémon
Song
Puzzle
NFL
The Office
Soccer
WWE
hide this ad
More By:
MrBRW
Quiz
Plays
Rating
Category
Featured
Created
Minnesota Vikings Rushing Leaders
1,569
4.67
Sports
Nov 7, 2009
Ten largest lakes in Minnesota
143
5.00
Geography
Oct 26, 2011
Largest lakes in the United States
126
4.67
Geography
Oct 31, 2011
Minnesota Timberwolves Leading Scorers
122
5.00
Sports
Oct 26, 2011
Top scoring NBA top-10 winningest coaches
57
3.67
Sports
Oct 26, 2011
Go to Creator's Profile
Score Distribution
Quiz Creator Spotlight
MrBRW
Follow
Send a Message
Quizzes Created
-
Created Quiz Play Count
-
More By This Creator
Popular Quizzes Today
1
Find the US States - No Outlines Minefield
2
Find the Countries of Europe - No Outlines Minefield
3
The Countries of the World
4
Find the US States
5
Risky Map Clicking: Biggest States A-Z
6
US States
7
Popular People in 1961
8
Movies - When Are They Set?
More Geography Quizzes
Blind Secret Country LIII
Quiz Lab
Trending Quizzes
Risky Map Clicking: Least Populous States A-Z
1-10 Letter G Words
1-10 Letter F Words
Countries of the World: 200 Million BC
Risky Map Clicking: Next State Alphabetically
Recently Updated
Beyoncé Albums
pecheneg
Leaping Animals
pecheneg
Reality TV Shows (A-Z)
bhenderson79
Rickey Henderson's Hall of Fame Teammates
pecheneg
Champions League XIs: Arsenal
pecheneg
Quick Pick: Celebrities in WWE's Hall of Fame
aduchscher
A-Z Keypad Blitz II
pecheneg
Multiple Oscar Actors
pecheneg
Mystery Phrase Blitz: Oscar 'Best Actors'
pecheneg
F. Scott Fitzgerald Novels
LTH
Trending Topics
Crossword
NBA
Marvel
Kpop
Disney
Anime
Harry Potter
WWE
NFL
The Office
Puzzle
Soccer
Song
Country
Pokémon
Your Account Isn't Verified!
In order to create a playlist on Sporcle, you need to verify the email address you used during registration. Go to your
Sporcle Settings
to finish the process.
Report this User
Report this user for behavior that violates our
Community Guidelines
.
Details:
Send Report
Go to the Sporcle.com Mobile Site →
Comments